000 01106cab a2200181 4500
001 L129449
008 050420n2005 000 0 eng u
035 _a(Sirsi) u129449
041 _aeng
100 _aWearne, Stephen
245 _aResearching the issues
260 _c2005
490 _aBuilding
_v270(8357) 15 April 2005, 60(1)
520 _aDiscusses the findings from a survey by Stephen Wearne "Problems and needs of project management in the process and other industries'". 1063 people employed by project owners, suppliers, contractors, consultants and other organisations in western Europe gave their opinions on the greatest problems of project management over the period 1991 to 2004. The greatest concernappeared to come from organisation, time and resources which was in 65% of all the statements about the greatest problems. Perhaps surprisingly, certain other categories such as risk, quality and safety were only reported by a small percentage ofrespondents as being in the greatest category of concerns.
590 _aIKA290405
690 _aProject management
_96261
942 _n0
999 _c75112
_d75112